00844cam a2200229 a 45000010009000000050017000090080041000260100017000670200025000840200022001090500024001311000021001552450130001762500012003062600070003183000046003885040053004346500038004876500041005257000023005667000025005891651778420170121160155.0101025s2011 at a b 001 0 eng  a 2010485632 a9780538753098 (pbk.) a0538753099 (pbk.)00aHD30.28 .H5865 20111 aHitt, Michael A.10aStrategic management :bcompetitiveness & globalization : concepts /cMichael A. Hitt, R. Duane Ireland, Robert E. Hoskisson. a9th ed. aAustralia ;aMason, OH :bSouth-Western Cengage Learning,cc2011. axxii, 402, I-23 p. :bcol. ill. ;c26 cm. aIncludes bibliographical references and indexes. 0aStrategic planningvCase studies. 0aIndustrial managementvCase studies.1 aIreland, R. Duane.1 aHoskisson, Robert E.